| 000 | 00412 a2200145 4500 | ||
|---|---|---|---|
| 020 | _a0780347013 | ||
| 040 |
_aDLC _bDLC |
||
| 245 | 0 | 0 |
_aFrontiers in electromagnetics _cedited by Douglas H. Werner, Raj Mittra. |
| 260 |
_aNew York : _bIEEE Press, _c2000. |
||
| 300 |
_a787 p. : _bill. |
||
| 650 | 0 | _aElectromagnetism. | |
| 700 | 1 |
_aWerner, Douglas H., _d1960- |
|
| 700 | 1 | _aMittra, Raj. | |
| 942 |
_cBK _k621.3 WER _2ddc |
||
| 999 |
_c8957 _d8957 |
||